| 000 | 00573nam a2200193Ia 4500 | ||
|---|---|---|---|
| 003 | GCL | ||
| 008 | 140319s9999 xx 000 0 ara d | ||
| 040 |
_aGCL / _cGCL |
||
| 082 | 0 | 4 |
_aد _b050 |
| 100 | 1 | _aسينوت حليم دوس | |
| 245 | 1 | 0 |
_aالاختراعات والمصنفات ( اقرا 548 ) / _cسينوت حليم دوس |
| 300 | _a85 | ||
| 490 |
_aوثائق ونصوص _v0 |
||
| 650 | 0 | 4 | _aبراءات الاختراع |
| 650 | 0 | 4 | _aالملكية الصناعية |
| 650 | 0 | 4 | _aالاختراعات |
| 650 | 0 | 4 | _aالمخترعون |
| 942 |
_2ddc _cCF |
||
| 999 |
_c27207 _d27207 |
||